00230nam a2200109 4500020001600000082002000016100001500036245002400051250000700075260003000082300000800112 a058244635 x a547 FINb007601 aFinar,I.L. a Organic Chemistry  a5e aU.K.bLongman Groupc1959 a942